Countries where it is illegal to be gay - Statistics

General Stats
  • This quiz has been taken 4,166 times
    787 since last reset
  • The average score is 39 of 60
Answer Stats
Hint Answer % Correct
Iran
87%
Egypt
85%
Africa Algeria
84%
Nigeria
83%
Saudi Arabia
83%
Iraq
82%
Sudan
81%
Yemen
81%
Pakistan
80%
Asia Afghanistan
79%
Libya
79%
Oman
79%
Qatar
79%
Morocco
78%
Somalia
77%
United Arab Emirates
77%
South Sudan
75%
Ethiopia
73%
Syria
73%
Tunisia
73%
Kenya
72%
Kuwait
71%
Ghana
68%
Lebanon
68%
Eritrea
67%
Mauritania
67%
Uganda
67%
Zimbabwe
67%
Guinea
66%
Senegal
66%
Togo
66%
Zambia
66%
Turkmenistan
65%
Tanzania
63%
Uzbekistan
63%
Burundi
61%
Gambia
61%
Liberia
60%
Malaysia
60%
Tuvalu
60%
Brunei
59%
Cameroon
59%
Tonga
59%
Bangladesh
57%
Sierra Leone
56%
Namibia
55%
Eswatini
54%
Malawi
53%
Myanmar
53%
Samoa
53%
Comoros
52%
Solomon Islands
52%
Maldives
48%
Sri Lanka
48%
Oceania Kiribati
47%
Jamaica
44%
Papua New Guinea
40%
St Lucia
39%
Guyana
38%
Americas Grenada
36%
No matching quizzes found
Score Distribution
Percent of People with Each Score
Percentile by Number Answered
Your Score History
You have not taken this quiz since the last reset